Teknolojik gelişmelerin sanayide kadın istihdamına etkileri : (Record no. 1882)

MARC details
000 -BAŞLIK
Sabit Uzunlukta Kontrol Alanı 00844na a2200229 4500
001 - KONTROL NUMARASI
Denetim Alanı 13659
003 - KONTROL NUMARASI IDENTIFIER
Denetim Alanı MIRAKIL
005 - SON İŞLEM TARİHİ VE ZAMANI
Denetim Alanı 20181213154838.0
008 - SABİT-BOY VERİ ELEMANLARI - GENEL BİLGİLER
Sabit Uzunlukta Kontrol Alanı 160817b tu 000 0
020 ## - ULUSLARARASI STANDART KİTAP NUMARASI
Uluslararası Standart Kitap Numarası 9751918898
035 ## - SİSTEM KONTROL NUMARASI
Sistem Kontrol Numarası 13659
040 ## - KATALOGLAMA KAYNAK
Orijinal Kataloglama Ajansı Milas
Kataloglama Dili tur
Metne Dönüştürmek Ajansı TR-AnCHP
082 ## - DEWEY ONLU SINIFLANDIRMA NUMARASI
Sınıflandırma Numarası 331.4
Ürün Numarası A57t 1997
090 ## - SINIFLAMA NUMARASI
Sınıflama Numarası 331.4 A57t 1996
100 ## - ANA GİRİŞ - KİŞİSEL İSİM
Kişisel Ad Ansal, Hacer
245 ## - BAŞLIK TABLOSU
Başlık Teknolojik gelişmelerin sanayide kadın istihdamına etkileri :
Başlığın Kalan Türk tekstil ve elektronik sanayilerinde teknolojik değişim ve kadın istihdamı
Sorumluluk Tablosu, Vb Hacer Ansal
246 ## - UNVAN FORM VARYING
Başlık Doğru / Kısa Başlığı Türk tekstil ve elektronik sanayilerinde teknolojik değişim ve kadın istihdamı
260 ## - YAYIN, DAĞITIM, VB
Yayın, Dağıtım, Vb Yeri Ankara
Yayıncı, Dağıtıcı, Vs Adı T.C. Başbakanlık Kadının Statüsü ve Sorunları Genel Müdürlüğü
Yayın, Dağıtım, Vb Tarihi 1996
300 ## - FİZİKSEL TANIM
Kapsam 64 s.
Diğer Fiziksel Ayrıntıları tbl.
Boyutlar 23 sm.
650 ## - KONU KATMA GİRİŞ - TOPİKAL DÖNEM
Topikal Süreli Veya Coğrafi Ad Giriş Elemanı Kadınlar
Genel Alt Bölümü İstihdam
Coğrafi Alt Bölümü Türkiye
942 ## - EKLENDİ GİRİŞ ELEMANLARI (KOHA)
Sınıflandırma Veya Raf Düzeni Kaynak Dewey Decimal Classification
Koha Öğesi Türü Books
999 ## - SİSTEM KONTROL NUMARALARI (KOHA)
Koha Biblionumber 1882
Koha Biblioitemnumber 1882
Holdings
Kalıcı Konum Mevcut Konum Edinme Tarihi Edinim Kaynak Toplam Check-Out'Lar Tam Çağrı Numarası Barkod Tarih Son Görülme İtibaren Geçerli Fiyatlar Koha Öğesi Türü
CHP Kütüphanesi CHP Kütüphanesi 08/15/2016 Bağış   331.4 A57t 1996 001520 08/15/2016 08/15/2016 Books